00432nam a2200121Ia 4500008004100000245017100041260001700212260000900229300000800238650002300246650001200269856002900281170516s9999 xx 000 0 und d aCFD Modeling and Image Analysis of Exhaled Aerosols due to a Growing Bronchial Tumor: towards Non-Invasive Diagnosis and Treatment of Respiratory Obstructive Diseases bTheranostics c2015 a5:5 xMedical Technology xMedtech uhttp://www.thno.org/v5i5